000 00267nam a22001217a 4500
008 170921b xxu||||| |||| 00| 0 eng d
041 _aeng
080 _a7
100 _a45
101 _aART
245 _aTHE PELICAN HISTORY OF ART
_cHAMILTON, G.H
942 _2udc
_cBK
999 _c28627
_d28627